[Event "Superbet Blitz GCT 2019"]
[Site "Bucharest"]
[Date "2019.11.10"]
[Round "13"]
[White "Mamedyarov, Shakhriyar"]
[Black "So, Wesley"]
[Result "1/2-1/2"]
[WhiteElo "2772"]
[BlackElo "2760"]
[Annotator "TA"]
[PlyCount "60"]
[EventDate "2019.11.09"]
[EventType "tourn"]
[EventCountry "ROU"]
[SourceTitle "playchess.com"]
[Source "ChessBase"]
[SourceQuality "1"]

{[%evp 13,60,0,4,14,8,0,15,0,0,0,0,0,0,0,0,0,5,0,0,0,7,16,8,10,12,10,7,9,9,9,7,14,10,8,18,7,14,0,0,0,0,0,0,0,0,0,0,0,0]} 1. d4 Nf6 2. c4 e6 3. Nc3 Bb4 4. Qc2 O-O 5. e4 d5 6. e5 Ne4 7. Bd3 c5 {The position is equal.} 8. Nf3 {E32: Nimzo-Indian: Classical (4 Qc2): 4...0-0} cxd4 9. Nxd4 Nd7 10. Bf4 Qh4 11. g3 Qh5 12. O-O g5 13. cxd5 Bxc3 14. bxc3 exd5 (14... gxf4 15. dxe6 Nxe5 16. Bxe4 {½-½ (37) Mamedyarov,S (2764)-Caruana,F (2818) Saint Louis 2019}) 15. Be3 Nxe5 {[#]} 16. f3 $146 Nxd3 17. Qxd3 Nd6 18. g4 Qg6 19. Qxg6+ hxg6 20. Bxg5 {Black must now prevent Be7.} f6 21. Bf4 Nc4 22. h4 Bd7 23. Kf2 Kf7 24. Rh1 Rac8 25. Rac1 Nb2 {Strongly threatening ...Nd3+.} 26. Rc2 Nd3+ 27. Ke3 Ne5 28. Kf2 Nd3+ 29. Ke3 Ne5 30. Kf2 Nd3+ {Accuracy: White = 67%, Black = 85%.} 1/2-1/2

[Event "Superbet Blitz GCT 2019"]
[Site "Bucharest"]
[Date "2019.11.10"]
[Round "13"]
[White "Le, Quang Liem"]
[Black "Anand, Viswanathan"]
[Result "1/2-1/2"]
[WhiteElo "2713"]
[BlackElo "2757"]
[Annotator "TA"]
[PlyCount "85"]
[EventDate "2019.11.09"]
[EventType "tourn"]
[EventCountry "ROU"]
[SourceTitle "playchess.com"]
[Source "ChessBase"]
[SourceQuality "1"]

{[%evp 9,85,18,14,14,18,8,20,16,21,10,12,12,24,23,31,21,31,21,35,1,9,8,30,14,52,52,56,59,56,56,54,54,56,35,36,44,57,12,15,15,16,10,11,16,12,16,89,12,22,11,42,8,35,58,65,58,50,24,51,12,12,0,119,0,16,0,6,6,12,0,0,0,0,0,0,0,0,0]} 1. e4 e5 2. Nf3 Nc6 3. Bb5 Nf6 4. d3 Bc5 5. Bxc6 dxc6 6. O-O {C65: Ruy Lopez: Berlin Defence (3...Nf6), unusual lines and 4 0-0 Bc5} (6. Nbd2 Be6 7. O-O Nd7 8. Nb3 Bb6 9. Ng5 Bxb3 10. axb3 Qe7 11. Nf3 O-O 12. Nd2 Nc5 13. Nc4 f6 {1-0 (102) Dominguez Perez,L (2763)-Wang,H (2726) Khanty-Mansiysk 2019}) 6... Nd7 7. c3 O-O 8. d4 Bd6 9. Bg5 f6 10. Bh4 Qe8 11. Re1 b6 $146 ({Predecessor:} 11... Nb6 12. Bg3 Bg4 13. Nbd2 Kh8 {1-0 (75) Swiercz,D (2651)-Chandra,A (2513) Columbia 2019}) 12. Nbd2 {[%cal Bb1d2,Bd2f3,Bf3g5][%mdl 32]} Qf7 13. Bg3 c5 14. dxe5 Nxe5 15. Nxe5 fxe5 16. Nf3 {[#] Strongly threatening Ng5.} Re8 17. Ng5 Qg6 18. Qd5+ Be6 $1 {[%cal Re6d5]} 19. Nxe6 Qxe6 20. c4 Rad8 21. Rad1 Kf7 22. f3 a5 23. b3 (23. a4 {seems wilder.} g5 24. b3 h5 25. h3 Rf8 26. Bf2) 23... Qxd5 24. exd5 a4 $1 25. Re3 axb3 26. axb3 Ra8 27. Rde1 {[%cal Rg3e5]} h6 (27... Ra3 $11) 28. h4 (28. Bxe5 $16 Rxe5 29. Rxe5) 28... Ra3 $11 29. Kh2 Re7 30. h5 b5 31. Kh3 bxc4 32. bxc4 Rxe3 33. Rxe3 $14 {[%mdl 4096] Endgame KRB-KRB} Re8 34. Re4 Kf6 35. Kg4 {And now f4 would win.} Ra8 {[#]} (35... g5 $11 {keeps the balance.}) 36. Bh4+ (36. f4 $1 $16 {[%cal Rf4e5]} exf4 37. Re6+ (37. Bxf4 Kf7 $16) 37... Kf7 38. Bxf4) 36... Kf7 {The position is equal.} 37. Bg3 Ra2 38. Kh3 Rc2 39. Bxe5 Bxe5 40. Rxe5 Rxc4 41. Re6 Rd4 42. Rc6 Rxd5 43. Rxc7+ {Accuracy: White = 39%, Black = 41%.} 1/2-1/2

[Event "Superbet Blitz GCT 2019"]
[Site "Bucharest"]
[Date "2019.11.10"]
[Round "13"]
[White "Korobov, Anton"]
[Black "Artemiev, Vladislav"]
[Result "0-1"]
[WhiteElo "2670"]
[BlackElo "2731"]
[Annotator "TA"]
[PlyCount "42"]
[EventDate "2019.11.09"]
[EventType "tourn"]
[EventCountry "ROU"]
[SourceTitle "playchess.com"]
[Source "ChessBase"]
[SourceQuality "1"]

{[%evp 11,42,31,32,0,0,0,0,0,-2,-5,0,-32,-22,-34,-8,-87,-39,-112,-112,-380,-394,-368,-347,-610,-606,-565,-536,-660,-653,-617,-639,-643,-635]} 1. d4 Nf6 2. c4 g6 3. Nc3 d5 4. Bg5 Bg7 5. Bxf6 Bxf6 6. cxd5 c6 7. dxc6 {D80: Grünfeld: Unusual White 4th moves and 4 Bg5} Bxd4 {Strongly threatening ...Qb6.} 8. cxb7 Bxb7 9. Nf3 {The position is equal.} (9. Rc1 {is interesting.} Qb6 10. e3 Bxc3+ 11. Rxc3 Qxb2 12. Rb3) 9... Bxc3+ 10. bxc3 Qc7 $146 {Threatens to win with ...Bxf3.} ({Predecessor:} 10... Qa5 11. Rb1 Bc6 12. e3 {½-½ (54) Moiseenko,A (2711)-Le,Q (2712) Khanty-Mansiysk 2013}) 11. Qa4+ Nd7 {[%mdl 1024] Black has compensation.} 12. Qa3 O-O 13. Rc1 (13. g3 $11 {keeps the balance.}) 13... Rad8 14. Nd4 ({Better is} 14. g3 $1 $15) 14... Nc5 $1 $36 {[%mdl 2048] Keeping White busy.} 15. e3 $2 {[%mdl 8192] [#]} (15. Nb3 $17 Nxb3 16. axb3) 15... Qd6 $1 $19 16. Qa5 {[#] and the idea c4 leaves White hopeful.} e5 $1 17. Be2 $2 (17. Rd1) 17... Bxg2 {Black is clearly winning.} 18. Rg1 Be4 19. Rg5 h6 20. Rg3 exd4 21. exd4 Ne6 {Accuracy: White = 12%, Black = 66%.} 0-1

[Event "Superbet Blitz GCT 2019"]
[Site "Bucharest"]
[Date "2019.11.10"]
[Round "14"]
[White "Giri, Anish"]
[Black "Mamedyarov, Shakhriyar"]
[Result "1/2-1/2"]
[WhiteElo "2776"]
[BlackElo "2772"]
[Annotator "TA"]
[PlyCount "84"]
[EventDate "2019.11.09"]
[EventType "tourn"]
[EventCountry "ROU"]
[SourceTitle "playchess.com"]
[Source "ChessBase"]
[SourceQuality "1"]

{[%evp 12,84,39,45,33,41,37,42,40,34,60,35,35,35,30,0,15,0,0,0,0,0,0,-41,91,35,97,92,117,86,79,17,15,10,43,45,53,52,66,8,81,68,74,27,8,0,0,0,12,8,8,13,10,15,17,0,9,-11,-22,-327,-60,-59,-62,-654,0,0,0,0,0,0,0,0,0,0,0]} 1. e4 e5 2. Nf3 Nc6 3. Bb5 a6 4. Ba4 Nf6 5. O-O Bc5 6. c3 b5 7. Bc2 d5 {C78: Ruy Lopez: Archangelsk and Möller Defences} 8. d4 {aiming for exd5.} dxe4 {[%cal Re5d4]} 9. Nxe5 Nxe5 {White is slightly better.} 10. dxc5 Nd3 11. Bxd3 $146 (11. Nd2 {looks sharper.} Bb7 12. Bxd3 Qxd3 13. Nb3 O-O-O 14. Qe1) ({Predecessor:} 11. Be3 O-O 12. Nd2 Nxb2 13. Qb1 Nc4 14. Nxc4 bxc4 15. Bxe4 Nxe4 16. Qxe4 {½-½ (60) Borisek,J (2584)-Kollars,D (2562) chess.com INT 2019}) 11... Qxd3 12. Qxd3 exd3 13. Bg5 Be6 14. Bxf6 gxf6 15. Nd2 O-O-O 16. a4 Kb7 17. b4 c6 (17... Rhe8 $15) 18. f3 (18. a5 $16) 18... Rd5 (18... Rhe8 $14) 19. axb5 cxb5 20. Rfe1 Ra8 21. Re3 (21. Kf2 $16) 21... a5 $11 22. bxa5 Rdd8 23. Kf2 Kc6 24. Re4 Kxc5 25. Rh4 (25. g4 $14) 25... Bd5 (25... f5 $11) 26. Ke3 ({Don't play} 26. Rxh7 $6 Re8 $11) 26... f5 27. Kxd3 {Strongly threatening Kc2.} ({Much weaker is} 27. Rxh7 Re8+ 28. Kxd3 Rad8 $11) 27... Bxf3+ $1 28. Kc2 Bxg2 29. Rxh7 Rd7 30. Rh5 Rd5 31. Rh4 Re8 32. Nb3+ Kd6 {Threatening ...Re2+.} 33. Nd4 b4 $132 {[%mdl 2048] White must now prevent ...Be4+. Black is not keeping still} 34. Rh6+ Kd7 {Threatens to win with ...Re3.} 35. Rf6 $2 {[%mdl 8192] [#]} (35. Ra4 $1 $11 {and White stays safe.}) 35... Rc8 $2 ({Black should play} 35... Be4+ $1 $19 36. Kb3 bxc3 37. Rxf7+ Kd6) 36. Kb3 $15 ({But not} 36. Rxf7+ $2 Ke8 $19) 36... bxc3 37. Nxf5 $2 {[%mdl 8192]} (37. Rxf7+ $15 Kd6 38. Nxf5+ Ke6 {[%mdl 64] Double Attack} 39. Rg7) 37... Be4 $2 (37... c2 $19 {Hoping for ...Rb5+.} 38. Rc1 Rb5+ 39. Ka4 Rb1 40. Rxf7+ {[#]} Ke6 $1 {[%mdl 512]} 41. Rxc2 Rxc2 42. Nd4+ Kxf7 43. Nxc2 Bc6+ 44. Ka3 Rb5) 38. Rxf7+ $11 {The position is equal.} Ke6 {[%mdl 64] Double Attack} 39. Re7+ Kxf5 40. Rf1+ Kg5 41. Rxe4 Rxa5 42. Rc4 Rxc4 {Accuracy: White = 32%, Black = 44%.} 1/2-1/2

[Event "Superbet Blitz GCT 2019"]
[Site "Bucharest"]
[Date "2019.11.10"]
[Round "14"]
[White "So, Wesley"]
[Black "Korobov, Anton"]
[Result "1-0"]
[WhiteElo "2760"]
[BlackElo "2670"]
[Annotator "TA"]
[PlyCount "81"]
[EventDate "2019.11.09"]
[EventType "tourn"]
[EventCountry "ROU"]
[SourceTitle "playchess.com"]
[Source "ChessBase"]
[SourceQuality "1"]

{[%evp 9,81,-63,39,13,19,13,22,19,14,14,12,14,15,13,12,12,9,7,0,0,0,0,0,-10,25,25,30,22,28,-9,22,14,24,21,14,15,33,23,45,18,36,6,9,0,161,156,231,212,220,227,325,138,112,152,133,0,0,0,0,0,0,-56,-128,-729,-758,-29994,229,246,1252,1176,29995,29996,29997,29998]} 1. c4 e6 2. g3 d5 3. Bg2 d4 4. b4 Nf6 5. Nf3 Be7 (5... Bxb4 $15 6. Qa4+ Nc6) 6. Bb2 {A13: English Opening: 1...e6} c5 7. O-O O-O 8. d3 {The position is equal.} a5 9. b5 (9. bxc5 Bxc5 10. Ba3 Na6 11. Bxc5 Nxc5 12. Nbd2 a4 13. Qb1 {½-½ (65) Fressinet,L (2687)-Hou,Y (2663) Almaty 2016}) 9... Nbd7 10. e3 $146 ({Predecessor:} 10. Nbd2 Bd6 11. Qc2 Qc7 12. Rae1 Re8 13. e4 {1-0 (39) Matamoros Franco,C (2486)-Zhang,C (2242) Forth Worth 2017}) 10... e5 11. a4 Rb8 12. Nbd2 b6 13. Nh4 Re8 14. Bc6 Bb7 15. Bxb7 Rxb7 16. e4 Bf8 17. Ng2 g6 18. f4 exf4 19. gxf4 Bg7 20. Qf3 {And now e5 would win.} Rb8 21. Rae1 Nh5 22. Kh1 Qc7 23. Bc1 Qb7 24. Nh4 Bh6 25. Nb3 (25. Rg1 $5 {[%cal Rf3h5]} Kh8 26. Nb3 $11) 25... Kh8 26. Bd2 f5 $2 {[#]} (26... Ndf6 $11 {and Black stays safe.}) 27. Nxf5 $1 $18 {[%mdl 576] Deflection} gxf5 (27... Bf8 $16 {keeps fighting.}) 28. Qxh5 {[%mdl 64] Double Attack} fxe4 29. Qxh6 {aiming for dxe4.} Rbc8 (29... e3+ $142 30. Qc6 Qxc6+ 31. bxc6 Nf6) 30. Rg1 (30. Nxa5 $18 {is more deadly. White wants to mate with Rg1.} bxa5 31. dxe4) 30... e3+ $16 31. Rg2 {[%csl Gg2][%cal Rh6g7]} Rg8 {[%csl Gg8][%cal Rb7g2]} 32. Reg1 (32. Qh3 $1 $16) 32... Rg6 ({But not} 32... exd2 $2 33. Nxd2 Rg6 34. Qh3 $18) 33. Qh3 $1 {Strongly threatening Be1.} Nf6 34. f5 Rg5 35. Be1 (35. Bxe3 $1 $11 dxe3 36. Qxe3) 35... Rcg8 $15 36. Bg3 $2 {[%mdl 8192]} (36. Nc1 $17 Ng4 37. Qg3) 36... Ng4 $19 {( -> ...Nf2+)} 37. Qh4 {[#]} Rxf5 $4 {[%mdl 8192] [#]} (37... Nf2+ $1 {[%mdl 512] mates} 38. Bxf2 Rxg2 39. Qf6+ R2g7+ 40. Qc6 exf2 41. Rxg7 f1=Q+ {[%mdl 64] Double Attack} 42. Rg1 Rxg1#) 38. h3 $1 $18 {[%cal Rh3g4]} Nf2+ $2 (38... Nf6 39. Kh2 Rfg5) 39. Kh2 {Be5+! would kill now.} Qf7 {[#]} 40. Be5+ $1 {[%mdl 576] Discovered Attack} Rxe5 41. Rxg8+ {Accuracy: White = 51%, Black = 51%.} 1-0

[Event "Superbet Blitz GCT 2019"]
[Site "Bucharest"]
[Date "2019.11.10"]
[Round "14"]
[White "Anand, Viswanathan"]
[Black "Aronian, Levon"]
[Result "1/2-1/2"]
[WhiteElo "2757"]
[BlackElo "2772"]
[Annotator "TA"]
[PlyCount "37"]
[EventDate "2019.11.09"]
[EventType "tourn"]
[EventCountry "ROU"]
[SourceTitle "playchess.com"]
[Source "ChessBase"]
[SourceQuality "1"]

{[%evp 18,29,16,10,20,17,22,14,21,14,23,13,27,5]} 1. e4 e5 2. Nf3 Nc6 3. Bb5 Nf6 4. O-O Nxe4 5. Re1 Nd6 6. Nxe5 Be7 7. Bf1 Nxe5 8. Rxe5 O-O 9. d4 Bf6 10. Re1 Re8 {C67: Ruy Lopez: Berlin Defence: 4 0-0 Nxe4} 11. Bf4 Rxe1 12. Qxe1 Ne8 13. c3 d5 14. Nd2 c6 15. Bd3 {[#]} {Predecessor:} g6 $146 16. Qe2 Ng7 17. Re1 Bf5 18. Nf3 Bxd3 19. Qxd3 {½-½ (37) Grischuk,A (2771)-Mamedyarov,S (2790) Shamkir 2019} 1/2-1/2

[Event "Superbet Blitz GCT 2019"]
[Site "Bucharest"]
[Date "2019.11.10"]
[Round "14"]
[White "Karjakin, Sergey"]
[Black "Caruana, Fabiano"]
[Result "1-0"]
[WhiteElo "2754"]
[BlackElo "2822"]
[Annotator "TA"]
[PlyCount "115"]
[EventDate "2019.11.09"]
[EventType "tourn"]
[EventCountry "ROU"]
[SourceTitle "playchess.com"]
[Source "ChessBase"]
[SourceQuality "1"]

{[%evp 12,115,12,0,26,15,19,13,40,39,38,38,46,41,54,61,61,54,79,49,80,39,68,44,85,82,90,83,88,79,78,78,80,80,80,60,105,109,111,111,170,174,165,126,155,104,104,104,104,104,120,60,60,21,21,17,66,88,234,215,219,219,462,444,572,557,550,572,465,0,0,0,0,0,310,318,318,318,312,77,75,0,0,0,0,0,0,0,0,0,0,-1260,-1248,-1248,-1221,-1002,-8,-15,-15,-15,-15,-26,0,0,0,0]} 1. e4 c5 2. Nf3 e6 3. g3 Nc6 4. Bg2 Nf6 5. d3 Be7 6. O-O O-O 7. Re1 e5 {B40: Sicilian: 2...e6, Unusual lines} (7... d6 8. Nbd2 Bd7 9. c3 Ne5 10. Nxe5 dxe5 11. Nc4 Qc7 12. f4 exf4 13. Bxf4 Qd8 14. a4 Bc6 15. Ne5 Be8 16. a5 Rc8 17. Qb3 {0-1 (51) Ponomariov,R (2714)-Wang,Y (2720) Beijing 2014}) 8. c3 Re8 9. a3 $146 ({Predecessor:} 9. a4 h6 10. Na3 Bf8 11. Nc4 d6 12. a5 Be6 13. Qa4 Rb8 14. h3 Qd7 15. Kh2 {½-½ (29) Sepp,O (2432)-Meskovs,N (2539) Puhajarve 2018}) 9... Bf8 10. b4 {[%cal Bb2b4,Bb4b5][%mdl 32]} d6 11. b5 Ne7 12. c4 g6 13. Nc3 Bg7 14. a4 h6 15. a5 Be6 16. Nd2 Qd7 17. Nf1 Bh3 18. Bxh3 Qxh3 19. Qf3 Nh7 20. Ne3 Ng5 21. Qg2 Qh5 {White should prevent ...Nf3+.} 22. g4 Qh4 23. Ned5 (23. a6 {is interesting.} b6 24. Ncd5 Nh3+ 25. Kf1 Nf4 26. Qg3) 23... Nxd5 24. Bxg5 Qxg5 25. Nxd5 Rf8 (25... Qd8 $16 {was called for.} 26. a6 b6) 26. a6 $18 b6 27. Re3 $1 Bf6 28. Qg3 ({White should try} 28. Rg3) 28... Kg7 $16 29. Rf1 Rae8 30. Kg2 Bd8 31. Rh1 (31. f4 $16 exf4 32. Rxf4) 31... h5 $14 32. gxh5 Qxh5 33. Qh3 Bh4 34. Qd7 Rh8 (34... Kh6 $16 {was worth a try.}) 35. h3 (35. Qxa7 Qg4+ 36. Kf1 Qd1+ 37. Kg2 Qg4+ 38. Kf1 Qd1+ 39. Kg2 Qg4+ $11) (35. Rf3 Qg5+ 36. Kf1 Qc1+ 37. Kg2 Qg5+ 38. Kf1 Qc1+ 39. Kg2 Qg5+ $11) 35... Qg5+ 36. Kf1 Qh5 $2 (36... Re7 {keeps fighting.} 37. Nxe7 (37. Qxe7 Qxe7 38. Nxe7 Bxe7 $18) 37... Qxe7 38. Qxe7 Bxe7) 37. Qxa7 $18 Qd1+ 38. Kg2 Qd2 {[%csl Gh4][%cal Rd2f2]} 39. Rf1 Rh5 40. Rf3 $2 (40. Qxb6 Rg5+ 41. Kh1 Bxf2 $17) (40. Qc7 $18) 40... Rg5+ $1 $11 41. Kh2 Rf8 $1 42. Rg1 Qe2 $2 {[%mdl 8192]} (42... Rxg1 $1 $11 {and Black is okay.} 43. Kxg1 Qg5+ 44. Kh1 Qh5) 43. Rxg5 $18 Qxf3 44. Rg2 Bxf2 {intending ...Be3.} 45. Qe7 $2 (45. Nxb6 $2 Qf4+ 46. Kh1 Bg3 $19) (45. Qd7 $18 Be3 46. Qg4 (46. Qxd6 Bf4+ 47. Nxf4 Qxf4+ 48. Rg3 Rh8 $11) 46... Bf4+ 47. Nxf4 Qxf4+ 48. Qxf4 exf4 49. Rg4) 45... Be3 $16 46. Qxd6 ({Much worse is} 46. Nxe3 Qxe3 47. h4 (47. Qxd6 Qf4+ 48. Rg3 Rh8 $11) 47... Qf4+ 48. Kh1 Rh8 $11) (46. Qh4 $1 $16) 46... Bf4+ $11 47. Nxf4 Qxf4+ {[%mdl 4096] Endgame KQR-KQR} 48. Kg1 {Threatens to win with Rf2.} Rh8 49. Rf2 Qg3+ 50. Kf1 Rxh3 {And now ...Rh1+ would win.} 51. a7 $2 {[%mdl 8192]} (51. Qxb6 {gets mated.} Qxd3+ 52. Kg2 Qg3+ 53. Kf1 Rh1+ 54. Ke2 Qg4+ 55. Kd3 Qd1+ 56. Kc3 Rh3+ 57. Rf3 Rxf3+ 58. Kb2 Qe2+ $1 {[%mdl 576] Double Attack} 59. Kc1 Rf1#) (51. Qf6+ $11 Kh6 52. Qxf7 (52. Qh8+ $2 Kg5 $19)) 51... Rh1+ $19 52. Ke2 {[#]} Qg4+ $1 53. Ke3 Re1+ $2 (53... Qg5+ $19 54. Ke2 Ra1) 54. Kd2 $11 {White wants to mate with Qf6+.} Qd1+ 55. Kc3 Qa1+ {[%mdl 64] Double Attack} 56. Rb2 Rc1+ 57. Kb3 Qa5 {[%csl Ga5][%cal Rc1c3]} 58. Qxe5+ {[%mdl 32768] Accuracy: White = 54%, Black = 44%. . Loss on time!?} 1-0

[Event "Superbet Blitz GCT 2019"]
[Site "Bucharest"]
[Date "2019.11.10"]
[Round "14"]
[White "Artemiev, Vladislav"]
[Black "Le, Quang Liem"]
[Result "1/2-1/2"]
[WhiteElo "2731"]
[BlackElo "2713"]
[Annotator "TA"]
[PlyCount "98"]
[EventDate "2019.11.09"]
[EventType "tourn"]
[EventCountry "ROU"]
[SourceTitle "playchess.com"]
[Source "ChessBase"]
[SourceQuality "1"]

{[%evp 9,98,0,0,-6,6,-2,8,7,15,9,17,11,23,18,18,4,27,12,12,11,23,0,15,0,37,47,84,77,70,70,110,77,97,119,114,104,243,241,237,233,231,247,235,238,240,235,242,243,223,216,218,213,288,280,281,231,231,164,168,152,180,118,168,148,141,68,68,68,68,65,66,52,53,41,45,44,48,10,10,0,0,0,0,0,0,0,0,0,0,0,0]} 1. c4 e5 2. d3 Nf6 3. Nf3 Nc6 4. a3 d5 (4... g6 5. b4 d6 6. Bb2 Bg7 7. e3 O-O 8. Be2 Ne7 9. O-O Re8 10. Nc3 Nf5 11. Ne4 Nxe4 12. dxe4 {1-0 (57) Kramnik,V (2753)-Anand,V (2756) Amsterdam 2019}) 5. cxd5 Nxd5 6. e3 {A20: English Opening: 1...e5} a5 7. b3 Bd6 8. Bb2 O-O 9. Nbd2 Qe7 10. Be2 Bg4 $146 ({Predecessor:} 10... Be6) 11. Qc2 Kh8 12. h3 Bh5 13. g4 Bg6 14. h4 $36 {[%mdl 2048] Hoping for h5. White fights for an advantage.} h6 15. h5 Bh7 16. Rg1 Rad8 17. g5 Qe6 18. Qc4 Be7 19. Ne4 Bf5 20. gxh6 gxh6 21. Nc5 Bxc5 22. Qxc5 {aiming for e4.} Bh7 (22... f6 $16 {might work better.}) 23. e4 $18 Nf4 {With the idea ...f6.} 24. Nxe5 {[%cal Re5f7]} f6 25. Nxc6 bxc6 26. Rg3 Qxb3 {[#]} 27. Qe7 $1 {[%csl Gg3][%cal Re7g7][%mdl 576] Double Attack} Qf7 28. Qxf7 Rxf7 29. Rf3 Nxh5 30. Rc1 Rd6 31. Rc5 {[%mdl 64] [#] Double Attack} Bg6 32. Rxa5 Kh7 33. Rc5 Ng7 34. a4 Ne6 35. Rc1 (35. Rc4 $18) 35... f5 36. Be5 Nd4 37. Bxd6 (37. Rf4 $16 Re7 38. Bxd6 cxd6 39. f3) 37... Nxf3+ $14 38. Bxf3 cxd6 39. exf5 Bxf5 40. Rxc6 Bxd3 $16 {[%mdl 4096] Endgame KRB-KRB} 41. Bd5 Ra7 42. Bb3 d5 43. Kd2 Be4 {The position is equal.} 44. Rd6 h5 45. Ke3 Re7 {...Bc2+ is the strong threat.} 46. Kf4 Rf7+ 47. Kg5 Rf5+ 48. Kh4 Rxf2 49. Bxd5 Bxd5 {Accuracy: White = 59%, Black = 61%.} 1/2-1/2

[Event "Superbet Blitz GCT 2019"]
[Site "Bucharest"]
[Date "2019.11.10"]
[Round "15"]
[White "Aronian, Levon"]
[Black "Artemiev, Vladislav"]
[Result "0-1"]
[WhiteElo "2772"]
[BlackElo "2731"]
[Annotator "TA"]
[PlyCount "60"]
[EventDate "2019.11.09"]
[EventType "tourn"]
[EventCountry "ROU"]
[SourceTitle "playchess.com"]
[Source "ChessBase"]
[SourceQuality "1"]

{[%evp 13,60,49,60,28,65,46,47,47,56,49,79,33,67,67,54,0,0,-7,0,-22,-17,-193,-114,-217,-241,-208,-226,-229,-209,-404,-390,-487,-290,-818,-658,-1054,-1040,-1696,-1682,-1437,-1409,-5626,-5618,-5239,-5002,-29989,-29990,-29990,-29991]} 1. e4 c5 2. Nf3 d6 3. d4 cxd4 4. Nxd4 Nf6 5. Nc3 a6 6. f3 Qb6 7. Nb3 e6 8. Bf4 {B90: Sicilian Najdorf: Unusual White 6th moves, 6 Be3 Ng4 and 6 Be3 e5} (8. Qe2 Qc7 9. Be3 b5 10. O-O-O Nbd7 11. Qf2 b4 12. Ne2 Bb7 13. Kb1 Rc8 14. Ned4 d5 15. exd5 Nxd5 16. Bd3 g6 {½-½ (55) Lobanov,S (2526)-Banikas,H (2601) Skopje 2018}) 8... Nh5 9. Bg5 h6 10. Bh4 {White is slightly better.} Nc6 $146 ({Predecessor:} 10... Qc7 11. Qd2 Nd7 12. Be2 b5 13. a3 Ne5 14. O-O Nc4 15. Bxc4 bxc4 {1-0 (73) Jacewicz,G-Kobryn,J POL email 2005}) 11. Qd2 Qc7 12. a4 b6 13. g4 g5 14. Bg3 (14. Bf2 $14 Nf4 15. h4) 14... Nxg3 $11 15. hxg3 Bb7 16. Be2 Bg7 17. Nd1 $2 {[#]} (17. O-O-O $11 {and White is okay.}) 17... Ne7 (17... d5 $1 $19 {[%cal Rd5e4] Hoping for ...dxe4.} 18. exd5 Qxg3+ 19. Kf1 Ne5) 18. c4 (18. Nc3 $17) 18... d5 $19 19. cxd5 {Strongly threatening d6.} Qxg3+ 20. Nf2 exd5 21. Qb4 $2 (21. Rh3 {might work better.} Qd6 22. a5) 21... dxe4 22. Qxb6 Bd5 (22... O-O $142 23. Nd2 Rab8 24. fxe4 Bc6) 23. Nc5 $2 (23. Rh3 Rb8 24. Rxg3 Rxb6 25. Nc5 Rxb2 26. Rd1) 23... e3 {[%mdl 64] [#] Pin} 24. O-O-O {aiming for Nfe4.} Qxf2 25. Rxd5 Qxe2 ({Worse is} 25... Nxd5 26. Qc6+ Ke7 27. Qb7+ Nc7 28. Qxc7+ Kf8 29. Qb7 $11) 26. Rd7 O-O 27. Rxe7 Rab8 28. Rb7 Rxb7 29. Nxb7 Rc8+ 30. Kb1 Rc2 {Accuracy: White = 19%, Black = 52%.} 0-1

[Event "Superbet Blitz GCT 2019"]
[Site "Bucharest"]
[Date "2019.11.10"]
[Round "15"]
[White "Mamedyarov, Shakhriyar"]
[Black "Caruana, Fabiano"]
[Result "1-0"]
[WhiteElo "2772"]
[BlackElo "2822"]
[Annotator "TA"]
[PlyCount "67"]
[EventDate "2019.11.09"]
[EventType "tourn"]
[EventCountry "ROU"]
[SourceTitle "playchess.com"]
[Source "ChessBase"]
[SourceQuality "1"]

{[%evp 10,67,12,8,49,50,49,45,50,41,37,23,35,15,79,65,87,73,98,107,158,145,144,141,225,146,207,200,212,225,289,295,265,231,250,156,247,277,244,92,416,169,164,154,150,147,280,292,310,128,580,562,767,543,1378,1214,29994,29995,29995,29996]} 1. d4 Nf6 2. c4 e6 3. Nc3 Bb4 4. Qc2 d6 5. e4 O-O 6. e5 Nfd7 {E32: Nimzo-Indian: Classical (4 Qc2): 4...0-0} (6... dxe5 7. dxe5 Nfd7 8. Nf3 Nc6 9. Ng5 g6 10. f4 Nc5 11. Be3 f6 12. exf6 Qxf6 13. O-O-O Bxc3 14. Qxc3 Qxc3+ 15. bxc3 {1-0 (25) Vallejo Pons,F (2695)-Predke,A (2622) St Petersburg 2018}) 7. Nf3 c5 8. exd6 cxd4 {White is slightly better.} 9. Nxd4 Bxd6 10. Be3 Qe7 $146 ({Predecessor:} 10... Nc6 11. O-O-O Be5 12. Nxc6 bxc6 13. f4 Bxc3 14. Qxc3 {½-½ (34) Ioannidis,E (2382)-Nikolaidis,I (2564) Thessaloniki 2018}) 11. O-O-O Na6 (11... Bc5 $11 {keeps the balance.}) 12. Kb1 $36 {[%mdl 2048] Black is under pressure.} Nf6 {[#]} 13. a3 $1 Bd7 14. Be2 Be5 ({Better is} 14... Bc5) 15. f4 $16 Bc7 16. Rhe1 Rab8 (16... Ba5 $16 17. Bf3 Rab8) 17. Bf3 Rfd8 (17... Ba5 $16 {might work better.} 18. Bf2 Rfd8) 18. g4 $18 Qf8 19. f5 Nc5 20. g5 Ne8 21. f6 Be5 22. h4 gxf6 (22... Nd6 $16) 23. gxf6 Bxf6 24. Qf2 $2 (24. b4 $18) 24... Ba4 $2 {[%mdl 8192]} (24... b6 $16 {is a better chance.}) 25. Nxa4 (25. Nf5 $142 b6 26. Nh6+ Kh8 27. Nxa4) 25... Nxa4 26. Rg1+ Kh8 27. Be4 {[%mdl 1024] White has strong compensation.} Bg7 (27... Rbc8 $16) 28. h5 h6 29. Rg2 (29. Bc2 $18 {and White stays clearly on top.}) 29... Nc5 $2 {[%mdl 8192]} (29... b5 $16 {is tougher.} 30. Bc2 (30. cxb5 Rxb5 {[%mdl 64] Double Attack, Pin} 31. Qe1 Rbb8 $17) 30... Nc3+ 31. bxc3 Qxa3) 30. Bc2 Rd7 31. Rdg1 {Strongly threatening Rxg7!} Rbd8 {[#]} 32. Rxg7 $1 {[%mdl 576] Deflection} Nxg7 {[#]} 33. Qf6 $1 {[%mdl 512]} Kg8 34. Bxh6 {Accuracy: White = 62%, Black = 15%.} 1-0